Caricamento...
Expenditure evaluation using disconted cash flowsP III & IV
| Ente Autore: | |
|---|---|
| Lingua: | English |
| Pubblicazione: |
London
Business book limited
1966
|
| LEADER | 00526nam a22001457a 4500 | ||
|---|---|---|---|
| 005 | 20151215125454.0 | ||
| 008 | 091219t xxu||||| |||| 00| 0 eng d | ||
| 082 | |a 658.155 4 |b EE | ||
| 110 | |a Management consultants limited |9 13517 | ||
| 245 | |a Expenditure evaluation using disconted cash flowsP III & IV | ||
| 300 | |a 90p. | ||
| 942 | |c BV |6 _ | ||
| 260 | |a London |b Business book limited |c 1966 | ||
| 999 | |c 104893 |d 104893 | ||
| 952 | |0 0 |1 0 |2 ddc |4 0 |6 658155_4EE |7 0 |9 132302 |a SMS |b SMS |c REF |d 2009-12-19 |o 658.155 4 EE |p SMS004537 |r 2009-12-19 |w 2009-12-19 |y BV | ||